[Event "Lichtenrader Herbst 2006"]
[Site "Berlin"]
[Date "2006.10.06"]
[Round "7.19"]
[White "Maahs, Erich"]
[Black "Fuchs, Raimond"]
[Result "1-0"]
[WhiteElo "2183"]
[BlackElo "1943"]
[PlyCount "47"]
[EventDate "2006.??.??"]

1. e4 c5 2. Nf3 e6 3. Nc3 a6 4. d4 cxd4 5. Nxd4 Qc7 6. Bd3 Nf6 7. O-O d6 8. Kh1
Nbd7 9. f4 b5 10. Qf3 Bb7 11. Bd2 Be7 12. a3 O-O 13. Rae1 Rfe8 14. Qg3 Nh5 15.
Qh3 g6 16. f5 e5 17. fxg6 hxg6 18. Nf5 Ndf6 19. Nxe7+ Qxe7 20. Bg5 Qe6 21. Qh4
Nh7 22. Bh6 Kh8 23. Re3 Nf4 24. Bxf4 1-0

[Event "Lichtenrader Herbst 2006"]
[Site "Berlin"]
[Date "2006.10.06"]
[Round "7.20"]
[White "Jaeschke, Jens-Uwe"]
[Black "Knopf, Roland"]
[Result "1-0"]
[WhiteElo "2180"]
[BlackElo "1930"]
[PlyCount "63"]
[EventDate "2006.??.??"]

1. e4 d6 2. d4 g6 3. Nf3 Bg7 4. c3 Nf6 5. Bd3 O-O 6. O-O c5 7. h3 cxd4 8. cxd4
Nc6 9. Nc3 Nb4 10. Bb1 a5 11. Bg5 h6 12. Be3 Bd7 13. Qe2 a4 14. a3 Na6 15. Bd3
Nc7 16. d5 Na6 17. e5 dxe5 18. Nxe5 Nxd5 19. Nxd5 Bxe5 20. Bxh6 Bg7 21. Nxe7+
Kh7 22. Bxg7 Kxg7 23. Qe5+ f6 24. Qe4 f5 25. Qd4+ Kh7 26. Rfe1 Nc7 27. Rad1 Ne6
28. Qh4+ Kg7 29. Bb5 Bxb5 30. Rxd8 Nxd8 31. Nd5 Nc6 32. Nc7 1-0

[Event "Lichtenrader Herbst 2006"]
[Site "Berlin"]
[Date "2006.10.07"]
[Round "8.1"]
[White "Schatz, Walter"]
[Black "Figura, Atila Gajo"]
[Result "0-1"]
[WhiteElo "2125"]
[BlackElo "2352"]
[PlyCount "81"]
[EventDate "2006.??.??"]

1. d4 Nf6 2. c4 g6 3. g3 d5 4. cxd5 Nxd5 5. Bg2 Bg7 6. Nf3 Nb6 7. Nc3 Nc6 8. d5
Bxc3+ 9. bxc3 Qxd5 10. Bf4 Qxd1+ 11. Rxd1 Be6 12. Ne5 Na5 13. Nd3 O-O-O 14. O-O
Na4 15. Rc1 Nc4 16. Rfe1 f6 17. Rb1 Ncb6 18. a3 Nxc3 19. Rbc1 Nba4 20. Nc5 Nxc5
21. Rxc3 b6 22. Rec1 Bd5 23. e4 Bb7 24. a4 e5 25. Be3 Na6 26. a5 c5 27. Rb3 Kc7
28. f4 Bc6 29. fxe5 fxe5 30. axb6+ axb6 31. Bg5 Rd4 32. Rf1 b5 33. Be3 Rd6 34.
Ra1 c4 35. Rb2 Bd7 36. Bd2 Re8 37. Rba2 Bc8 38. Bf1 Nc5 39. Ra7+ Bb7 40. Bb4
Rc6 41. Ba5+ 0-1

[Event "Lichtenrader Herbst 2006"]
[Site "Berlin"]
[Date "2006.10.07"]
[Round "8.2"]
[White "Giemsa, Stephan"]
[Black "Neerforth, Philipp"]
[Result "1/2-1/2"]
[WhiteElo "2296"]
[BlackElo "2184"]
[PlyCount "108"]
[EventDate "2006.??.??"]

1. d4 Nf6 2. c4 g6 3. Nc3 d5 4. Bg5 Bg7 5. Bxf6 Bxf6 6. cxd5 c6 7. Rc1 O-O 8.
dxc6 Bxd4 9. c7 Bxc3+ 10. Rxc3 Qxd1+ 11. Kxd1 Nc6 12. e4 Bd7 13. Nf3 Rfc8 14.
Bb5 Rxc7 15. Kd2 a6 16. Ba4 Rcc8 17. Rhc1 e6 18. Ke3 b5 19. Bb3 Na5 20. Ne5
Rxc3+ 21. Rxc3 Ra7 22. h4 h5 23. Kd4 b4 24. Rf3 Nc6+ 25. Nxc6 Bxc6 26. Rf4 Rc7
27. g4 hxg4 28. Rxg4 Kf8 29. Rg5 Bb5 30. f4 Ke7 31. f5 e5+ 32. Ke3 Kf6 33. fxg6
fxg6 34. Rg2 Rh7 35. Rf2+ Ke7 36. Rh2 Rh5 37. Bd1 Rh8 38. Bg4 Rd8 39. Rd2 {(=)}
39... Rxd2 40. Kxd2 Bc4 41. Be2 Bxa2 42. Bxa6 Kf6 43. Kc2 Bf7 44. Kd3 g5 45.
hxg5+ Kxg5 46. Bc4 Bg6 47. Ke3 Kg4 48. Be6+ Kg3 49. Bd5 Be8 50. Kd3 Bb5+ 51.
Bc4 Bxc4+ 52. Kxc4 Kf4 53. Kxb4 Kxe4 54. Kc5 Kd3 1/2-1/2

[Event "Lichtenrader Herbst 2006"]
[Site "Berlin"]
[Date "2006.10.07"]
[Round "8.3"]
[White "Tchetchelnitski, Boris"]
[Black "Fette, Martin"]
[Result "1-0"]
[WhiteElo "2232"]
[BlackElo "2315"]
[PlyCount "61"]
[EventDate "2006.??.??"]

1. c4 Nc6 2. g3 e5 3. Bg2 Nf6 4. Nc3 g6 5. Nf3 Bg7 6. d4 exd4 7. Nxd4 O-O 8.
O-O Re8 9. Nxc6 bxc6 10. Bg5 h6 11. Bf4 Rb8 12. Qd2 Kh7 13. Rad1 Ba6 14. b3 c5
15. Na4 d6 16. Qa5 Qc8 17. Qd2 Bb7 18. f3 Qe6 19. e4 Nd7 20. Nc3 g5 21. Be3 Ne5
22. Nd5 Bxd5 23. exd5 Qg6 24. Kh1 Re7 25. Bg1 Rbe8 26. Rde1 Qd3 27. Qa5 Nxc4
28. Rxe7 Nxa5 29. Rxe8 f5 30. f4 g4 31. Rfe1 1-0

[Event "Lichtenrader Herbst 2006"]
[Site "Berlin"]
[Date "2006.10.07"]
[Round "8.4"]
[White "Piepho, Niels"]
[Black "Teschke, Olaf"]
[Result "0-1"]
[WhiteElo "2218"]
[BlackElo "2254"]
[PlyCount "64"]
[EventDate "2006.??.??"]

1. Nf3 d5 2. g3 Nc6 3. d4 Bf5 4. Bg2 e6 5. O-O Nb4 6. Na3 Nf6 7. Bf4 h6 8. c4
c6 9. Ne5 Be7 10. Nd3 Nxd3 11. exd3 O-O 12. Nb1 Qb6 13. Qb3 Qxb3 14. axb3 Bxd3
15. Rc1 Rfd8 16. Be3 Ng4 17. Nd2 Nxe3 18. fxe3 Bf6 19. Nf3 Be4 20. Kf2 dxc4 21.
bxc4 c5 22. Rd1 cxd4 23. Nxd4 Bxg2 24. Kxg2 a6 25. b4 Rac8 26. c5 Rd5 27. c6
bxc6 28. Rdc1 Bxd4 29. exd4 Rxd4 30. Rxa6 Rxb4 31. Raxc6 Rxc6 32. Rxc6 Rb2+ 0-1

[Event "Lichtenrader Herbst 2006"]
[Site "Berlin"]
[Date "2006.10.07"]
[Round "8.5"]
[White "Kiesekamp, Marcos"]
[Black "Hahlbohm, Matthias"]
[Result "1-0"]
[WhiteElo "2251"]
[BlackElo "2114"]
[PlyCount "105"]
[EventDate "2006.??.??"]

1. e4 c5 2. Nf3 d6 3. d4 cxd4 4. Nxd4 Nf6 5. Nc3 a6 6. Bc4 e6 7. Bb3 Nc6 8. Be3
Bd7 9. f4 Qc7 10. O-O Be7 11. f5 e5 12. Nde2 O-O 13. Ng3 Na5 14. Nh5 Nxb3 15.
Nxf6+ Bxf6 16. cxb3 Bc6 17. Rc1 Qe7 18. Bb6 Rac8 19. a4 Kh8 20. b4 Qd7 21. Qb3
Bd8 22. Bf2 b5 23. a5 Bg5 24. Rcd1 Be7 25. Rd3 Qb7 26. Re1 Rcd8 27. Qd1 Rd7 28.
Qh5 f6 29. Qf3 Rg8 30. Red1 Rgd8 31. Be3 Bf8 32. g4 h6 33. h4 Be7 34. Kf2 Kg8
35. Kg3 Rf8 36. R1d2 Rfd8 37. Bb6 Rc8 38. Qe3 Ra8 39. Kf3 Rf8 40. Qe2 Rc8 41.
Qd1 Qb8 42. Qb3+ Kf8 43. Be3 Rdc7 44. g5 h5 45. gxf6 Bxf6 46. Rxd6 Be8 47.
Rxf6+ gxf6 48. Bh6+ Rg7 49. Bxg7+ Kxg7 50. Rg2+ Kf8 51. Rg8+ Ke7 52. Qe6+ Kd8
53. Rxe8+ 1-0

[Event "Lichtenrader Herbst 2006"]
[Site "Berlin"]
[Date "2006.10.07"]
[Round "8.6"]
[White "Getz, Nicolai"]
[Black "Haemmerlein, Thomas"]
[Result "1/2-1/2"]
[WhiteElo "1924"]
[BlackElo "2195"]
[PlyCount "61"]
[EventDate "2006.??.??"]

1. e4 c5 2. Nf3 Nc6 3. d4 cxd4 4. Nxd4 g6 5. Nc3 Bg7 6. Be3 Nf6 7. Bc4 Qa5 8.
O-O Qb4 9. Bb3 O-O 10. a3 Qa5 11. h3 a6 12. Qd2 Nxd4 13. Qxd4 Ng4 14. Qb6 Qxb6
15. Bxb6 Bxc3 16. bxc3 Ne5 17. f4 Nc6 18. e5 Kg7 19. Rae1 e6 20. Ba4 f6 21. g4
fxe5 22. fxe5 Rxf1+ 23. Kxf1 Ne7 24. c4 Nc6 25. Bc5 Na5 26. Rd1 b6 27. Bxb6
Nxc4 28. Bc5 Nb2 29. Rd4 Nxa4 30. Rxa4 Bb7 31. Rd4 1/2-1/2

[Event "Lichtenrader Herbst 2006"]
[Site "Berlin"]
[Date "2006.10.07"]
[Round "8.7"]
[White "Postler, Reinhard"]
[Black "Dimitrijeski, Kristian"]
[Result "1/2-1/2"]
[WhiteElo "2331"]
[BlackElo "2104"]
[PlyCount "110"]
[EventDate "2006.??.??"]

1. e4 c6 2. d4 d5 3. Nc3 dxe4 4. Nxe4 Nd7 5. Nf3 Ngf6 6. Nxf6+ Nxf6 7. Bc4 Bf5
8. O-O e6 9. c3 Be7 10. Bg5 h6 11. Bf4 O-O 12. Qe2 Nd5 13. Bg3 Bg4 14. Rfe1 Bd6
15. Bxd6 Qxd6 16. Qe4 Bf5 17. Qh4 Nf4 18. Qg3 Rad8 19. Ne5 Ng6 20. Nxg6 Bxg6
21. Re5 Bh7 22. Rae1 Qc7 23. h3 Qb6 24. R1e2 Qc7 25. Qf4 Kh8 26. Qf3 Bg8 27. g3
Rde8 28. Kg2 Re7 29. Rxe6 Rxe6 30. Bxe6 Re8 31. Bb3 Rxe2 32. Qxe2 Qd7 33. Qe5
a6 34. a4 Qd8 35. Qc5 Qe8 36. Qf5 Qe2 37. Qc2 Qe7 38. Bc4 Qd6 39. Qe4 Qd7 40.
Qf3 Qe7 41. b4 Qd7 42. a5 Qe7 43. Qe3 Qd7 44. g4 Qd8 45. Bd3 Qd5+ 46. Be4 Qd8
47. Qd3 f6 48. Bg6 Bd5+ 49. Kg1 Kg8 50. c4 Be6 51. Be4 Qd6 52. d5 cxd5 53. Bxd5
Kf8 54. Qd4 Qxb4 55. Bf3 Qxc4 1/2-1/2

[Event "Lichtenrader Herbst 2006"]
[Site "Berlin"]
[Date "2006.10.07"]
[Round "8.8"]
[White "Weigelt, Thomas"]
[Black "Meissner, Hans-Juergen"]
[Result "1-0"]
[WhiteElo "1756"]
[BlackElo "2225"]
[PlyCount "63"]
[EventDate "2006.??.??"]

1. d4 Nf6 2. c4 g6 3. Nc3 Bg7 4. e4 O-O 5. f4 d6 6. Nf3 Na6 7. Be2 e5 8. fxe5
dxe5 9. Nxe5 c5 10. Be3 cxd4 11. Bxd4 Qe7 12. O-O Rd8 13. Nf3 Be6 14. Nd5 Bxd5
15. exd5 Ng4 16. Re1 Ne3 17. Qd2 Bxd4 18. Nxd4 Re8 19. Rac1 Rac8 20. b3 Qc5 21.
Kh1 Re4 22. Nb5 Nf5 23. Bf3 Rh4 24. h3 Rd8 25. Bg4 h6 26. Bxf5 gxf5 27. Qe3
Qxe3 28. Rxe3 Nc5 29. Rf1 f4 30. Ref3 Re8 31. Nd6 Re5 32. Rxf4 1-0

[Event "Lichtenrader Herbst 2006"]
[Site "Berlin"]
[Date "2006.10.07"]
[Round "8.9"]
[White "Welz, Peter"]
[Black "Offermann, Fernando"]
[Result "1-0"]
[WhiteElo "2183"]
[BlackElo "2082"]
[PlyCount "129"]
[EventDate "2006.??.??"]

1. f4 c5 2. Nf3 Nc6 3. g3 g6 4. Bg2 Bg7 5. O-O d6 6. e4 e5 7. fxe5 dxe5 8. d3
Nge7 9. Be3 b6 10. Qd2 O-O 11. Nc3 Nd4 12. Rf2 Nxf3+ 13. Rxf3 Be6 14. Raf1 f6
15. Kh1 Qd7 16. Bh6 Rf7 17. b3 Raf8 18. a4 Nc6 19. Be3 Nd4 20. R3f2 Kh8 21. Qc1
Rc8 22. Nd5 Rcf8 23. Qd1 Bxd5 24. exd5 Nf5 25. Bc1 Ne7 26. c4 a5 27. Qe2 Nc8
28. Qe4 Nd6 29. Qh4 Qd8 30. g4 Kg8 31. Rf3 Re8 32. Rh3 Bf8 33. Qe1 Bg7 34. Bb2
Bf8 35. Rhf3 Bg7 36. R3f2 Bh6 37. Bc1 Bg7 38. h4 f5 39. Bg5 Qc7 40. Bh3 h6 41.
Bd2 f4 42. g5 h5 43. Be6 Kh7 44. Bxf7 Qxf7 45. Re2 Qd7 46. Kh2 Rf8 47. Rf3 Rf5
48. Bc3 Nf7 49. Bxa5 bxa5 50. Qxa5 Bf8 51. Qb5 Qa7 52. a5 Bd6 53. Qb6 Qxb6 54.
axb6 Nd8 55. Ra2 Rf7 56. Kg2 Kg7 57. Rf1 Bb8 58. Rfa1 Kg8 59. b4 Nb7 60. Ra8
Rf8 61. R1a7 cxb4 62. Rxb7 f3+ 63. Kf2 b3 64. Rbxb8 b2 65. Rxf8+ 1-0

[Event "Lichtenrader Herbst 2006"]
[Site "Berlin"]
[Date "2006.10.07"]
[Round "8.10"]
[White "Witte, Ronald"]
[Black "Zschaebitz, Klaus"]
[Result "0-1"]
[WhiteElo "2122"]
[BlackElo "2066"]
[PlyCount "76"]
[EventDate "2006.??.??"]

1. e4 e6 2. d4 d5 3. Nc3 Bb4 4. e5 c5 5. a3 Bxc3+ 6. bxc3 Nc6 7. Qg4 g6 8. a4
Qa5 9. Bd2 f5 10. Qd1 c4 11. h4 h6 12. g4 Nge7 13. gxf5 gxf5 14. Qh5+ Kd8 15.
Nh3 Bd7 16. Qf7 Kc7 17. Nf4 Rag8 18. Nxe6+ Bxe6 19. Qxe6 Rg6 20. Qf7 Rhg8 21.
h5 Rg5 22. Qh7 f4 23. Qxh6 Nf5 24. Qh7+ R8g7 25. Qh8 Ne3 26. fxe3 fxe3 27. Rh2
exd2+ 28. Kxd2 Rg3 29. Ra3 Nxd4 30. Rf2 Qc5 31. Qf8 Qxf8 32. Rxf8 Nf3+ 33. Ke3
Nxe5+ 34. Kd4 Nd7 35. Rf5 Kc6 36. Be2 Re7 37. Rxd5 Rxe2 38. Rf5 Rg4+ 0-1

[Event "Lichtenrader Herbst 2006"]
[Site "Berlin"]
[Date "2006.10.07"]
[Round "8.11"]
[White "Schildt, Rene"]
[Black "Hoppensack, Manfred"]
[Result "1-0"]
[WhiteElo "2007"]
[BlackElo "2110"]
[PlyCount "47"]
[EventDate "2006.??.??"]

1. e4 e6 2. d4 d5 3. Nc3 dxe4 4. Nxe4 Nf6 5. Bd3 Nbd7 6. Qe2 Nxe4 7. Bxe4 Nf6
8. Bxb7 Bd7 9. Bxa8 Qxa8 10. Nf3 Bc6 11. Bf4 Nd5 12. Bg3 Bb4+ 13. Nd2 Qb7 14.
O-O O-O 15. c3 Be7 16. c4 Nb4 17. d5 Bd7 18. Nf3 f5 19. Be5 Rf7 20. dxe6 Bxe6
21. Bxg7 Bd7 22. Bc3 Bd6 23. Qe3 f4 24. Qd4 1-0

[Event "Lichtenrader Herbst 2006"]
[Site "Berlin"]
[Date "2006.10.07"]
[Round "8.12"]
[White "Fucik, Timo"]
[Black "Gebigke, Martin"]
[Result "1/2-1/2"]
[WhiteElo "2096"]
[BlackElo "2196"]
[PlyCount "76"]
[EventDate "2006.??.??"]

1. d4 Nf6 2. Bg5 c5 3. Bxf6 gxf6 4. dxc5 e6 5. Nc3 Bxc5 6. e3 d5 7. g3 Nc6 8.
Bg2 Bd7 9. Nge2 Ne5 10. O-O Qc7 11. Nf4 Bc6 12. a3 a6 13. Rb1 b5 14. Qh5 O-O-O
15. b4 Bb6 16. Nd3 Nc4 17. Ra1 d4 18. Ne4 dxe3 19. Nec5 Bxg2 20. Kxg2 Rd5 21.
Qf3 Bxc5 22. Nxc5 Qc6 23. Kg1 Nd2 24. Qxf6 e2 25. Rfe1 Rhd8 26. Rxe2 Rxc5 27.
Rxd2 Rxd2 28. bxc5 Qxc5 29. Qxf7 e5 30. Re1 Rxc2 31. Qf5+ Kb7 32. Rxe5 Rc1+ 33.
Kg2 Qc6+ 34. Kh3 Qh6+ 35. Kg2 Qc6+ 36. Kh3 Qh6+ 37. Kg2 Qc6+ 38. Kh3 Qh6+
1/2-1/2

[Event "Lichtenrader Herbst 2006"]
[Site "Berlin"]
[Date "2006.10.07"]
[Round "8.13"]
[White "Richter, Goetz"]
[Black "Kaiser, Martin"]
[Result "1-0"]
[WhiteElo "2079"]
[BlackElo "2186"]
[PlyCount "77"]
[EventDate "2006.??.??"]

1. e4 c5 2. Nf3 Nc6 3. d4 cxd4 4. Nxd4 g6 5. c4 Nf6 6. Nc3 d6 7. Be2 Nxd4 8.
Qxd4 Bg7 9. Be3 O-O 10. Qd2 Be6 11. Rb1 Rc8 12. b3 a6 13. O-O Nd7 14. Rfc1 Re8
15. Nd5 Bxd5 16. exd5 Nf6 17. Bh6 Bh8 {(=)} 18. h4 Qd7 19. a4 Ng4 20. Bg5 h5
21. f3 Ne5 22. Kh1 Qf5 23. Rg1 Bf6 24. Qe3 Bxg5 25. hxg5 f6 26. g4 hxg4 27. f4
Kf7 28. Kg2 Rh8 29. fxe5 Rh3 30. e6+ Kg7 31. Qd4 g3 32. gxf6+ exf6 33. Rgf1
Rh2+ 34. Kg1 Rh1+ 35. Kg2 Qh3+ 36. Kf3 g2+ 37. Kf2 Qh2 38. Rg1 Qh3 39. Qg4 1-0

[Event "Lichtenrader Herbst 2006"]
[Site "Berlin"]
[Date "2006.10.07"]
[Round "8.14"]
[White "Gremm, Albert Juergen"]
[Black "Maahs, Erich"]
[Result "1/2-1/2"]
[WhiteElo "1980"]
[BlackElo "2183"]
[PlyCount "111"]
[EventDate "2006.??.??"]

1. d4 d5 2. Nc3 Bg4 3. Nf3 e6 4. Bg5 f6 5. Ne5 Bh5 6. g4 fxg5 7. gxh5 Nd7 8.
Bh3 Nxe5 9. dxe5 Qd7 10. Qd4 Nh6 11. O-O-O c5 12. Qd3 g4 13. Bg2 O-O-O 14. f4
Be7 15. h3 Kb8 16. hxg4 Nxg4 17. Qg3 Nh6 18. Bh3 d4 19. Qxg7 Nf5 20. Bxf5 exf5
21. e3 Qe6 22. exd4 cxd4 23. Nd5 Qxd5 24. Qxe7 Qxa2 25. Qa3 Qd5 26. Rhg1 Qe4
27. Rgf1 Rc8 28. Qd3 Qc6 29. Rg1 Rhd8 30. Kb1 Rd5 31. Rg5 Qa4 32. Qb3 Qd7 33.
Rg7 Qc6 34. Rxh7 Rc5 35. Rc1 Rb5 36. Rh6 Qc5 37. Qd3 Qb4 38. Qb3 Qa5 39. Qd3
Rb4 40. b3 Qa3 41. Rg1 a5 42. Qxf5 a4 43. Rh7 Rc3 44. Qf8+ Ka7 45. Rxb7+ Kxb7
46. Rg7+ Rc7 47. Rxc7+ Kxc7 48. Qd6+ Kb7 49. Qd7+ Kb8 50. Qd8+ Kb7 51. Qd7+ Ka6
52. Qd6+ Ka7 53. Qe7+ Ka8 54. Qf8+ Kb7 55. Qe7+ Kc8 56. Qe8+ 1/2-1/2

[Event "Lichtenrader Herbst 2006"]
[Site "Berlin"]
[Date "2006.10.07"]
[Round "8.15"]
[White "Kristovic, Stjepan"]
[Black "Jaeschke, Jens-Uwe"]
[Result "0-1"]
[WhiteElo "2053"]
[BlackElo "2180"]
[PlyCount "65"]
[EventDate "2006.??.??"]

1. e4 c6 2. d4 d5 3. Nc3 dxe4 4. Nxe4 Bf5 5. Qf3 e6 6. Be3 Bb4+ 7. c3 Be7 8.
Bd3 Bg6 9. Ne2 Nf6 10. Nf4 Bxe4 11. Bxe4 Nxe4 12. Qxe4 Nd7 13. h4 Nf6 14. Qf3
O-O 15. O-O-O Qa5 16. Kb1 b5 17. g4 Rab8 18. Bd2 Qb6 19. g5 Nd5 20. Nxd5 cxd5
21. Bf4 Rb7 22. Rh3 Rc8 23. a3 a5 24. Rd3 b4 25. cxb4 axb4 26. a4 Bd6 27. Bxd6
Qxd6 28. Qd1 Rbc7 29. Ka2 Qa6 30. Rd2 Rc1 31. Qb3 Qf1 32. Qf3 Ra1+ 33. Kb3 0-1

[Event "Lichtenrader Herbst 2006"]
[Site "Berlin"]
[Date "2006.10.07"]
[Round "8.16"]
[White "Stippekohl, Peter"]
[Black "Exner, Roland"]
[Result "1-0"]
[WhiteElo "2177"]
[BlackElo "1788"]
[PlyCount "115"]
[EventDate "2006.??.??"]

1. Nf3 Nf6 2. c4 g6 3. b3 Bg7 4. Bb2 O-O 5. e3 c5 6. Be2 a6 7. O-O Nc6 8. d4
cxd4 9. Nxd4 Nxd4 10. Qxd4 d6 11. Nc3 Ng4 12. Qd2 Ne5 13. Rfd1 Be6 14. Nd5 Bxd5
15. cxd5 Nd7 16. Bxg7 Kxg7 17. Qd4+ Kg8 18. e4 Qa5 19. Rdc1 Rfc8 {(=)} 20. Qb2
Qd8 21. Qd4 Qa5 22. Bg4 Qd8 23. f4 Rc7 24. e5 Nf8 25. Rc4 dxe5 26. fxe5 b5 27.
Rxc7 Qxc7 28. d6 Qd8 29. Rc1 h5 30. Bf3 Ne6 31. Qe3 Rb8 32. Rc6 exd6 33. exd6
Qf6 34. d7 Rd8 35. Rc8 Qa1+ 36. Kf2 Qb2+ 37. Kg3 Kg7 38. Rxd8 Nxd8 39. Qe8 h4+
40. Kh3 Qf6 41. Bg4 Qg5 42. Qe1 f5 43. Qe5+ Kh7 44. Bf3 Nf7 45. Qe1 Kg7 46.
Qxh4 Kf6 47. b4 Ke7 48. Bd5 Kxd7 49. Qxg5 Nxg5+ 50. Kg3 Ne6 51. h4 Ke7 52. Bb7
Nc7 53. Kf4 Kf6 54. g3 Ke6 55. Kg5 Kf7 56. Bc8 Nd5 57. Bxa6 Nxb4 58. Bxb5 1-0

[Event "Lichtenrader Herbst 2006"]
[Site "Berlin"]
[Date "2006.10.07"]
[Round "8.17"]
[White "Malzahn, Sven"]
[Black "Poppner, Dietmar"]
[Result "0-1"]
[WhiteElo "1964"]
[BlackElo "2149"]
[PlyCount "50"]
[EventDate "2006.??.??"]

1. e4 c5 2. Nf3 Nc6 3. Bb5 Nf6 4. e5 Nd5 5. O-O g6 6. Re1 Bg7 7. c3 Nc7 8. Bxc6
dxc6 9. d4 Bg4 10. Be3 Ne6 11. Na3 cxd4 12. cxd4 O-O 13. h3 Bxf3 14. Qxf3 Nxd4
15. Qe4 Ne6 16. Rad1 Qc8 17. Nb1 Nc7 18. Nc3 e6 19. Bc5 Rd8 20. Qh4 Rxd1 21.
Rxd1 Nd5 22. Ne4 Qd8 23. Qg3 b6 24. Be3 Qc7 25. Qg5 Qxe5 0-1

[Event "Lichtenrader Herbst 2006"]
[Site "Berlin"]
[Date "2006.10.07"]
[Round "8.18"]
[White "Tuertmann, Dieter"]
[Black "Shapiro, Yosip"]
[Result "0-1"]
[WhiteElo "1886"]
[BlackElo "2131"]
[PlyCount "98"]
[EventDate "2006.??.??"]

1. Nf3 d5 2. d4 c6 3. e3 Nf6 4. Bd3 g6 5. Nbd2 Bg7 6. b3 b6 7. O-O Bf5 8. Ne5
Nfd7 9. Ndf3 f6 10. Nxd7 Qxd7 11. c4 O-O 12. Qc2 Re8 13. Bb2 Bxd3 14. Qxd3 e5
15. dxe5 fxe5 16. Qc2 e4 17. Ng5 Bxb2 18. Qxb2 dxc4 19. bxc4 Qe7 20. Nh3 Qe5
21. Qe2 Nd7 22. Rad1 Nc5 23. Rd4 Ne6 24. Rd2 Rad8 25. Rfd1 Rxd2 26. Rxd2 Re7
27. Kh1 Kf7 28. Qd1 Qc3 29. Rc2 Qd3 30. Qxd3 exd3 31. Rd2 Nc5 32. Kg1 Kf6 33.
Kf1 Re4 34. Nf4 Rxc4 35. Nxd3 Nxd3 36. Rxd3 Rc2 37. a3 a5 38. h4 b5 39. g4 b4
40. axb4 axb4 41. f4 c5 42. e4 c4 43. e5+ Ke7 44. Rd6 b3 45. Rb6 b2 46. f5 gxf5
47. gxf5 Rc1+ 48. Ke2 b1=Q 49. f6+ Kf7 0-1

[Event "Lichtenrader Herbst 2006"]
[Site "Berlin"]
[Date "2006.10.07"]
[Round "8.19"]
[White "Jaeger, Andre"]
[Black "Glantz, Robert"]
[Result "1-0"]
[WhiteElo "2120"]
[BlackElo "1926"]
[PlyCount "63"]
[EventDate "2006.??.??"]

1. d4 g6 2. c4 Bg7 3. Nf3 d6 4. Nc3 Nf6 5. g3 O-O 6. Bg2 Nc6 7. O-O a6 8. d5
Na5 9. b3 c5 10. dxc6 bxc6 11. Bb2 Rb8 12. Qc2 Bf5 13. e4 Nxe4 14. g4 Nxc4 15.
gxf5 Nxb2 16. Nxe4 gxf5 17. Ng3 e6 18. Nh5 Bh8 19. Rab1 Qe7 20. Kh1 Rb4 21. Bh3
Rg4 22. Bxg4 fxg4 23. Rg1 f5 24. h3 c5 25. hxg4 f4 26. g5 Qb7 27. Nf6+ Bxf6 28.
gxf6+ Kh8 29. Qc3 e5 30. Rxb2 Qd7 31. Ng5 Rxf6 32. Qh3 1-0

[Event "Lichtenrader Herbst 2006"]
[Site "Berlin"]
[Date "2006.10.07"]
[Round "8.20"]
[White "Boettcher, Patrick"]
[Black "Nowka, Oliver"]
[Result "1-0"]
[WhiteElo "2161"]
[BlackElo "1950"]
[PlyCount "73"]
[EventDate "2006.??.??"]

1. d4 h6 2. e4 g5 3. h4 g4 4. Be3 d6 5. Nc3 Bg7 6. Bc4 c6 7. Nge2 Nf6 8. Bb3 b5
9. Ng3 Qc7 10. Qd2 h5 11. a4 b4 12. Nce2 a5 13. c3 bxc3 14. Nxc3 Na6 15. Rc1
Rb8 16. Bc4 Nb4 17. O-O Rg8 18. e5 dxe5 19. dxe5 Nh7 20. e6 Bxe6 21. Bxe6 fxe6
22. Nxh5 Be5 23. Rcd1 Nd5 24. Bd4 Rb4 25. Bxe5 Qxe5 26. Qh6 Nhf6 27. Ng3 Rxb2
28. Nxd5 cxd5 29. Rfe1 Qd6 30. Ne4 Nxe4 31. Rxe4 Qb6 32. Rf4 g3 33. Qh7 gxf2+
34. Kh1 Rg3 35. Rc1 Qe3 36. Qh8+ Kd7 37. Qc8+ 1-0

[Event "Lichtenrader Herbst 2006"]
[Site "Berlin"]
[Date "2006.10.08"]
[Round "9.1"]
[White "Figura, Atila Gajo"]
[Black "Tchetchelnitski, Boris"]
[Result "1/2-1/2"]
[WhiteElo "2352"]
[BlackElo "2232"]
[PlyCount "35"]
[EventDate "2006.??.??"]

1. Nf3 f5 2. g3 Nf6 3. Bg2 e6 4. O-O Be7 5. d4 O-O 6. c4 d6 7. Nc3 a5 8. b3 Qe8
9. Bb2 Bd8 10. Qc2 {(=)} 10... Nc6 11. e4 fxe4 12. Nxe4 e5 13. dxe5 dxe5 14.
Nfg5 Nxe4 15. Nxe4 Be7 16. Qe2 Bf5 17. Rad1 Qg6 18. Qe3 1/2-1/2

[Event "Lichtenrader Herbst 2006"]
[Site "Berlin"]
[Date "2006.10.08"]
[Round "9.3"]
[White "Teschke, Olaf"]
[Black "Welz, Peter"]
[Result "1-0"]
[WhiteElo "2254"]
[BlackElo "2183"]
[PlyCount "41"]
[EventDate "2006.??.??"]

1. e4 e6 2. d4 d5 3. Nc3 dxe4 4. Nxe4 Qd5 5. Nc3 Bb4 6. Nf3 Nf6 7. Bd3 Ne4 8.
Bd2 Bxc3 9. bxc3 Nxd2 10. Qxd2 Nd7 11. c4 Qh5 12. O-O O-O 13. Rfe1 b6 14. Re4
Nf6 15. Rh4 Qa5 16. Qf4 Bb7 17. Ne5 Rad8 18. Rd1 h5 19. Qg5 c5 20. Rf4 Nd7 21.
Bh7+ 1-0

[Event "Lichtenrader Herbst 2006"]
[Site "Berlin"]
[Date "2006.10.08"]
[Round "9.4"]
[White "Schildt, Rene"]
[Black "Giemsa, Stephan"]
[Result "0-1"]
[WhiteElo "2007"]
[BlackElo "2296"]
[PlyCount "73"]
[EventDate "2006.??.??"]

1. d4 Nf6 2. c4 g6 3. Nc3 d5 4. cxd5 Nxd5 5. e4 Nxc3 6. bxc3 Bg7 7. Be3 c5 8.
Nf3 O-O 9. Rc1 cxd4 10. cxd4 b6 11. Be2 e6 12. O-O Bb7 13. Qd3 Nd7 14. Nd2 Rc8
15. f4 Re8 16. Qa3 a6 17. Rxc8 Qxc8 18. Rc1 Qa8 19. Bf3 Rc8 20. Rxc8+ Qxc8 21.
Qb3 b5 22. Kf2 h5 23. d5 exd5 24. exd5 Nf6 25. d6 Bxf3 26. gxf3 Qc6 27. Qd3 Bf8
28. f5 Qxd6 29. Qxd6 Bxd6 30. fxg6 fxg6 31. h3 Kf7 32. Bd4 Ke6 33. Ke3 Nd5+ 34.
Ke4 Nb4 35. a3 Nc2 36. a4 Nxd4 37. Kxd4 0-1

[Event "Lichtenrader Herbst 2006"]
[Site "Berlin"]
[Date "2006.10.08"]
[Round "9.5"]
[White "Getz, Nicolai"]
[Black "Schatz, Walter"]
[Result "0-1"]
[WhiteElo "1924"]
[BlackElo "2125"]
[PlyCount "100"]
[EventDate "2006.??.??"]

1. e4 e5 2. Nf3 Nc6 3. Bc4 Nf6 4. d3 Be7 5. c3 d6 6. O-O O-O 7. Re1 Na5 8. Bb5
a6 9. Ba4 b5 10. Bc2 c5 11. Nbd2 Nc6 12. Nf1 Re8 13. Ng3 Bf8 14. h3 g6 15. d4
Bb7 16. Be3 exd4 17. cxd4 Nb4 18. Bd2 Nxc2 19. Qxc2 Qb6 20. Rad1 Bg7 21. e5 Nd7
22. Be3 Bxf3 23. gxf3 cxd4 24. Bxd4 Qb7 25. Ne4 Nxe5 26. Bxe5 Bxe5 27. f4 Bg7
28. Nxd6 Rxe1+ 29. Rxe1 Qd7 30. Qe4 Rf8 31. Qd5 Bxb2 32. f5 Ba3 33. Ne4 Qxd5
34. Nf6+ Kg7 35. Nxd5 Rc8 36. fxg6 hxg6 37. Re3 Rc1+ 38. Kg2 Bd6 39. Rc3 Rxc3
40. Nxc3 Kf6 41. Kf3 Ke5 42. Ke2 Kd4 43. Nd1 Bf4 44. Nb2 Kc3 45. Nd3 Bd6 46.
Ke3 a5 47. Ke4 f5+ 48. Kd5 Kxd3 49. Kxd6 Kc4 50. Kc6 b4 0-1

[Event "Lichtenrader Herbst 2006"]
[Site "Berlin"]
[Date "2006.10.08"]
[Round "9.6"]
[White "Zschaebitz, Klaus"]
[Black "Weigelt, Thomas"]
[Result "1-0"]
[WhiteElo "2066"]
[BlackElo "1756"]
[PlyCount "63"]
[EventDate "2006.??.??"]

1. d4 Nf6 2. Nf3 d5 3. Bf4 e6 4. e3 c5 5. c3 Nc6 6. Nbd2 cxd4 7. exd4 Bd6 8.
Ne5 Qc7 9. Ndf3 Ne4 10. Bd3 f6 11. Nxc6 Bxf4 12. Nb4 Nd6 13. Nh4 a5 14. Nc2 O-O
15. Ne3 Qf7 16. O-O e5 17. dxe5 fxe5 18. Nxd5 Be6 19. Nxf4 e4 20. Nxe6 Qxe6 21.
Bc2 Qf6 22. Qg4 Rae8 23. Rad1 Kh8 24. g3 Qh6 25. Rxd6 Qxd6 26. Bxe4 Qe5 27.
Bxb7 Rb8 28. Qh3 Rf6 29. Qd7 h6 30. a4 g5 31. Nf3 Qe2 32. Nd4 1-0

[Event "Lichtenrader Herbst 2006"]
[Site "Berlin"]
[Date "2006.10.08"]
[Round "9.7"]
[White "Poppner, Dietmar"]
[Black "Postler, Reinhard"]
[Result "1/2-1/2"]
[WhiteElo "2149"]
[BlackElo "2331"]
[PlyCount "31"]
[EventDate "2006.??.??"]

1. f4 c5 2. b3 Nf6 3. Nf3 g6 4. Bb2 Bg7 5. e3 O-O 6. Be2 Nc6 7. O-O d5 8. Ne5
Bd7 9. Bf3 Rc8 10. d3 b6 11. Nd2 Be6 12. g4 Nxe5 13. Bxe5 d4 14. e4 Bd7 15.
Bxf6 exf6 16. Bg2 1/2-1/2

[Event "Lichtenrader Herbst 2006"]
[Site "Berlin"]
[Date "2006.10.08"]
[Round "9.8"]
[White "Fette, Martin"]
[Black "Shapiro, Yosip"]
[Result "1-0"]
[WhiteElo "2315"]
[BlackElo "2131"]
[PlyCount "63"]
[EventDate "2006.??.??"]

1. e4 c5 2. Nf3 Nc6 3. Bb5 g6 4. O-O Bg7 5. Re1 e5 6. b4 Nxb4 7. Bb2 a6 8. a3
Nc6 9. Bxc6 bxc6 10. Nxe5 Qc7 11. Nc4 Bxb2 12. Nxb2 Ne7 13. e5 O-O 14. Nc4 a5
15. Nc3 Ba6 16. Nd6 Nd5 17. Nxd5 cxd5 18. Qf3 Qc6 19. Qf6 d4 20. Re4 Qd5 21.
Rf4 Qe6 22. Ne4 Rfe8 23. Qh4 h5 24. Nf6+ Kg7 25. Nxe8+ Rxe8 26. Re1 Bb7 27.
Qf6+ Kg8 28. Qxe6 Rxe6 29. Rf6 Re7 30. f4 Bc6 31. Rb1 c4 32. Rd6 1-0